UM Logo

Real world weapon retention tactics: (Record no. 16406)

MARC details
000 -LEADER
fixed length control field 00689nam a2200157 4500
008 - FIXED-LENGTH DATA ELEMENTS--GENERAL INFORMATION
fixed length control field 220207b ||||| |||| 00| 0 eng d
022 ## - INTERNATIONAL STANDARD SERIAL NUMBER
International Standard Serial Number 0893-8989
082 ## - DEWEY DECIMAL CLASSIFICATION NUMBER
Classification number DPer 363.205 P75 Sept 2013-May 2016 v. 37 & 40, n. 9-11/1-5
100 ## - MAIN ENTRY--PERSONAL NAME
Personal name Periatt, Christopher.
9 (RLIN) 43871
245 ## - TITLE STATEMENT
Title Real world weapon retention tactics:
Remainder of title when someone is trying to take your weapon and kill you with it, you have to react with extreme violence/
Statement of responsibility, etc. Christopher Periatt.
260 ## - PUBLICATION, DISTRIBUTION, ETC. (IMPRINT)
Place of publication, distribution, etc. California:
Name of publisher, distributor, etc. Bobit Business Media,
Date of publication, distribution, etc. ©Sept 2013-May 2016.
300 ## - PHYSICAL DESCRIPTION
Extent v40 n1, pages 72-78;
Other physical details illustrations:
Dimensions 27 cm.
500 ## - GENERAL NOTE
General note Police: the law enforcement.
650 ## - SUBJECT ADDED ENTRY--TOPICAL TERM
Topical term or geographic name as entry element Self-defense
General subdivision Police.
9 (RLIN) 43834
942 ## - ADDED ENTRY ELEMENTS (KOHA)
Source of classification or shelving scheme Dewey Decimal Classification
Koha item type Periodicals
Holdings
Withdrawn status Lost status Source of classification or shelving scheme Damaged status Not for loan Collection code Home library Current library Date acquired Total Checkouts Full call number Date last seen Price effective from Koha item type Public note
    Dewey Decimal Classification     Periodicals UM Digos College - LIC UM Digos College - LIC 02/08/2022   DPer 363.205 P75 Sept 2013-May 2016 v. 37 & 40, n. 9-11/1-5 02/08/2022 02/08/2022 Periodicals Periodical article